Milieu et techniques
Gespeichert in:
| 1. Verfasser: | |
|---|---|
| Format: | Buch |
| Sprache: | Französisch |
| Veröffentlicht: |
Paris
Albin Michel
1945
|
| Tags: |
Keine Tags, Fügen Sie das erste Tag hinzu!
|
MARC
| LEADER | 00000nam a2200000 4500 | ||
|---|---|---|---|
| 001 | c126627 | ||
| 005 | 20041019155238.5 | ||
| 041 | 0 | |a fre | |
| 044 | |a FR | ||
| 245 | 1 | 0 | |a Milieu et techniques |c André Leroi-Gourhan |
| 264 | 1 | |a Paris |b Albin Michel |c 1945 | |
| 300 | |a 512 s. | ||
| 500 | |a Sciences d'aujourd 'hui | ||
| 100 | 1 | |a Leroi-Gourhan, André | |